00391nam a2200133Ia 4500003000400000008004100004020002300045040000800068100002100076245010200097260003600199300001000235365001200245LDD181029s9999 xx 000 0 und d a754800865cP 20.00 cLDD aMalone, Margaret 0aIllustrated practical homebencyclopedia 1001 step by step hints, tips and housecMargaret Malone aLondonbAnness Publishingc1999 a512p. bP 20.00